书目信息 |
| 题名: |
室内设计
|
|
| 作者: | 冯昌信 , 苏冬胜 主编 | |
| 分册: | ||
| 出版信息: | 北京 中国林业出版社 2014.02 |
|
| 页数: | 233页 | |
| 开本: | 26cm | |
| 丛书名: | ||
| 单 册: | ||
| 中图分类: | TU238.2 | |
| 科图分类: | ||
| 主题词: | 室内装饰设计--shi nei zhuang shi she ji--职业教育--教材 | |
| 电子资源: | ||
| ISBN: | 978-7-5038-7389-8 | |
| 000 | 01044nam0 2200289 450 | |
| 001 | CAL 0120131190980 | |
| 005 | 20150819140128.51 | |
| 010 | @a978-7-5038-7389-8@dCNY49.00 | |
| 100 | @a20140307d2014 em y0chiy50 ea | |
| 101 | 0 | @achi |
| 102 | @aCN@b110000 | |
| 105 | @aa a 000yy | |
| 106 | @ar | |
| 200 | 1 | @a室内设计@Ashi nei she ji@d= Interior design@f冯昌信, 苏冬胜主编@zeng |
| 210 | @a北京@c中国林业出版社@d2014.02 | |
| 215 | @a233页@c图@d26cm | |
| 320 | @a有书目 | |
| 330 | @a本书分基础篇、设计篇和综合实训篇三部分。包含10个项目, 涉及室内设计基础知识、室内设计实务、室内风格与流派的选择与体现、室内空间设计、室内物理环境设计、室内装饰造型设计等内容。 | |
| 333 | @a全国林业职业教育教学指导委员会“十二五”规划教材 | |
| 510 | 1 | @aInterior design@zeng |
| 586 | @a | |
| 606 | 0 | @a室内装饰设计@Ashi nei zhuang shi she ji@x职业教育@j教材 |
| 690 | @aTU238.2@v5 | |
| 701 | 0 | @a冯昌信@Afeng chang xin@4主编 |
| 701 | 0 | @a苏冬胜@Asu dong sheng@4主编 |
| 801 | 0 | @aCN@c20150820 |
| 905 | @a河南城建学院图书馆@dTU238.2@eF430@f3 | |
| 室内设计= Interior design/冯昌信, 苏冬胜主编.-北京:中国林业出版社,2014.02 |
| 233页:图;26cm |
| 使用对象:全国林业职业教育教学指导委员会“十二五”规划教材 |
| ISBN 978-7-5038-7389-8:CNY49.00 |
| 本书分基础篇、设计篇和综合实训篇三部分。包含10个项目, 涉及室内设计基础知识、室内设计实务、室内风格与流派的选择与体现、室内空间设计、室内物理环境设计、室内装饰造型设计等内容。 |
| ● |
| 相关链接 |
|
|
|
正题名:室内设计
索取号:TU238.2/F430
 
预约/预借
| 序号 | 登录号 | 条形码 | 馆藏地/架位号 | 状态 | 备注 |
| 1 | 1166563 | 211665633 | 建筑库101/101建筑库 55排3列1层/ [索取号:TU238.2/F430] | 在馆 | |
| 2 | 1166564 | 211665642 | 建筑与城市规划学院资料室/101建筑库 28排2列1层/ [索取号:TU238.2/F430] | 在馆 | |
| 3 | 1166565 | 211665651 | 建筑库101/101建筑库 55排3列1层/ [索取号:TU238.2/F430] | 在馆 |